Digital communications / (Record no. 180825)
[ view plain ]
| 000 -LEADER | |
|---|---|
| fixed length control field | 01056 a2200229 4500 |
| 003 - CONTROL NUMBER IDENTIFIER | |
| control field | Nust |
| 005 - DATE AND TIME OF LATEST TRANSACTION | |
| control field | 20221208103045.0 |
| 010 ## - LIBRARY OF CONGRESS CONTROL NUMBER | |
| LC control number | 88031455 |
| 020 ## - INTERNATIONAL STANDARD BOOK NUMBER | |
| International Standard Book Number | 0071002693 |
| 040 ## - CATALOGING SOURCE | |
| Transcribing agency | Nust |
| 082 00 - DEWEY DECIMAL CLASSIFICATION NUMBER | |
| Classification number | 621.382,PRO |
| 100 1# - MAIN ENTRY--PERSONAL NAME | |
| Personal name | Proakis, John G. |
| 9 (RLIN) | 662 |
| 245 10 - TITLE STATEMENT | |
| Title | Digital communications / |
| Statement of responsibility, etc. | John G. Proakis. |
| 250 ## - EDITION STATEMENT | |
| Edition statement | 2nd ed. |
| 260 ## - PUBLICATION, DISTRIBUTION, ETC. | |
| Place of publication, distribution, etc. | New York : |
| Name of publisher, distributor, etc. | McGraw-Hill, |
| Date of publication, distribution, etc. | c1989. |
| 300 ## - PHYSICAL DESCRIPTION | |
| Extent | xviii, 905 p. : |
| Other physical details | ill. ; |
| Dimensions | 24 cm. |
| 440 #0 - SERIES STATEMENT/ADDED ENTRY--TITLE | |
| Title | McGraw-Hill series in electrical engineering. |
| 9 (RLIN) | 20188 |
| 500 ## - GENERAL NOTE | |
| General note | . |
| 505 ## - FORMATTED CONTENTS NOTE | |
| Formatted contents note | Probability and stochastic processes (Page-1), Elements of a digital communication system and information theory (Page-63), Characterization of signals and systems (Page-148), Modulation and demodulation for the additive gaussian (Page-220), Efficient signaling with coded waveforms (Page-362), Digital signalling over a bandwidth (Page-519), Digital signaling over fading multipath (Page-702), Spread spectrum signals for digital communications (Page-800), |
| 650 #0 - SUBJECT ADDED ENTRY--TOPICAL TERM | |
| Topical term or geographic name entry element | Digital communications. |
| 9 (RLIN) | 237 |
| 942 ## - ADDED ENTRY ELEMENTS (KOHA) | |
| Source of classification or shelving scheme | |
| Koha item type | Book |
| Withdrawn status | Lost status | Source of classification or shelving scheme | Damaged status | Not for loan | Permanent Location | Current Location | Shelving location | Date acquired | Full call number | Barcode | Date last seen | Price effective from | Koha item type | Public note |
|---|---|---|---|---|---|---|---|---|---|---|---|---|---|---|
| Military College of Signals (MCS) | Military College of Signals (MCS) | General Stacks | 12/12/2016 | 621.382,PRO | MCS23090 | 12/08/2016 | 12/12/2016 | Book | Almirah No.35, Shelf No.4 |
